00726nam a2200253 a 4500001001300000003000900013005001700022008004100039020001000080082002000090100003000110245002300140260003600163300000900199500003500208505001000243650001700253650001900270700003000289902000800319942000700327952012100334999001700455nice12345678IN_TiNIC20260116013428.0050524s1999 dela grp 000 0 urd  ac10000a305.480297bBUL aBulandshahri, Mohd Aashiq aTohfa-I-Khawateen. aDelhibFareed Book Depot.c1999 a790p aincludes index and biblioraphy2 aIndex aMuslim Women aWomen in Islam1 aBulandshahri, Mohd Aashiq bSRS cBK 001040708StackRoom-aHMIbHMId2007-03-26g100.00l0o305.480297 BULp019858r2007-03-26v100.00w2005-05-24yBK c10943d10943